Canadian Musicians Quiz - Statistics

General Stats
  • This quiz has been taken 90 times
  • The average score is 9 of 15
Answer Stats
Song Title Musician Name % Correct
"My Heart Will Go On" Céline Dion
95%
"Summer of '69" Bryan Adams
86%
"Sk8er Boi" Avril Lavigne
82%
"Sorry" Justin Bieber
81%
"Ironic" Alanis Morissette
73%
"Man! I Feel Like a Woman!" Shania Twain
71%
"Hallelujah" Leonard Cohen
65%
"I'm Like a Bird" Nelly Furtado
60%
"Starboy" The Weeknd
60%
"One Dance" Drake
58%
"Haven't Met You Yet" Michael Bublé
53%
"After the Gold Rush" Neil Young
48%
"If I Can't Have You" Shawn Mendes
22%
"Angel" Sarah McLachlan
20%
"Wake Up" Arcade Fire
16%
No matching quizzes found
Score Distribution
Percent of People with Each Score
Percentile by Number Answered
Your Score History
You have not taken this quiz